Nuclear safety : arrangement between the United States of America and Sweden signed at Vienna, September 19, 2011, with addenda.

Bibliographic Details
Corporate Authors: Sweden, United States. Department of State
Format: Government Document eBook
Language:English
Published: [Washington, D.C.] : U.S. Dept. of State, [2012?]
Series:Treaties and other international acts series ; 11-919.
Subjects:
Online Access:https://purl.fdlp.gov/GPO/gpo20713

MARC

Tag First Indicator Second Indicator Subfields
LEADER 00000cam a2200000 a 4500
001 in00002748721
005 20220106084935.0
006 m d f
007 cr bn|||||||||
008 120326s2012 dcu oz f000 0 eng c
035 |a (OCoLC)ocn781638355 
040 |a GPO  |c GPO  |d MvI  |d UtOrBLW 
042 |a pcc 
043 |a n-us---  |a e-sw--- 
049 |a WWW 
074 |a 0899-A-01 (online) 
086 0 |a S 9.10:11-919 
110 1 |a Sweden. 
240 1 0 |a Treaties, etc.  |g United States,  |d 2011 September 19 
245 1 0 |a Nuclear safety :  |b arrangement between the United States of America and Sweden signed at Vienna, September 19, 2011, with addenda. 
246 3 0 |a Arrangement between the United States of America and Sweden signed at Vienna, September 19, 2011, with addenda 
264 1 |a [Washington, D.C.] :  |b U.S. Dept. of State,  |c [2012?] 
300 |a 1 online resource (18 unnumbered pages). 
336 |a text  |b txt  |2 rdacontent 
337 |a computer  |b c  |2 rdamedia 
338 |a online resource  |b cr  |2 rdacarrier 
490 1 |a Treaties and other international acts series ;  |v 11-919 
500 |a Title from title screen (viewed on Mar. 26, 2012). 
500 |a Electronic resource. 
650 0 |a Nuclear facilities  |x Safety measures  |x Research  |z United States. 
650 0 |a Nuclear facilities  |x Safety measures  |x Research  |z Sweden. 
650 0 |a Nuclear facilities  |x Safety measures  |x International cooperation. 
710 1 |a United States.  |b Department of State. 
830 0 |a Treaties and other international acts series ;  |v 11-919. 
856 4 0 |u https://purl.fdlp.gov/GPO/gpo20713  |t 0 
999 |a MARS 
999 f f |s 56a798e0-1f8d-3ad6-a235-0a826d09d0db  |i 67a988d4-05fc-3c26-a961-dc9da7ff6243  |t 0 
952 f f |a Texas A&M University  |b College Station  |c Electronic Resources  |d Available Online  |t 0  |e S 9.10:11-919  |h Superintendent of Documents classification 
998 f f |a S 9.10:11-919  |t 0  |l Available Online